Statistiques concernant Sondage - votre chiffre préféré ?

Cliquez ici pour prendre le quiz!

Statistiques générales

  • Ce quiz a été pris 164 fois
  • Le résultat moyen est 3 sur 10

Statistiques - réponses

Vous préférez :Lettre% Correct
7=sept7
44%
8=huit8
32%
3=trois3
31%
9=neuf9
28%
2=deux2
27%
4=quatre4
27%
1=un1
26%
6=six6
26%
5=cinq5
25%
0=zéro0
22%

Distribution des résultats

Percentile par nombre de réponses

% des personnes avec chaque résultat

Votre développement - résultats

Vous n’avez pas pris ce quiz